[Event "AUTO-ELITE-1911"]
[Site "http://www.queenalice.com/game.php?id=1542795"]
[Date "2018.9.18"]
[Round "2"]
[White "Norfair"]
[Black "TomasBlack"]
[Result "1-0"]
[WhiteElo "2565"]
[BlackElo "2309"]

1. e4 c5 2. Nf3 d6 3. d4 cxd4 4. Nxd4 Nf6 5. Nc3 g6 6. Be3 Bg7 7. f3 e5 8. Ndb5
Bf8 9. Nxa7 b6 10. Nxc8 Qxc8 11. Bb5+ Nc6 12. Bg5 Nd7 13. Qd5 Ne7 14. Qxd6 Rb8
15. Nd5 Nf5 16. Qxd7+ Qxd7 17. Nc7# 1-0

[Event "AUTO-ELITE-1911"]
[Site "http://www.queenalice.com/game.php?id=1542796"]
[Date "2018.9.18"]
[Round "2"]
[White "TomasBlack"]
[Black "Norfair"]
[Result "0-1"]
[WhiteElo "2319"]
[BlackElo "2565"]

1. e4 e5 2. Nf3 Nc6 3. d4 exd4 4. Nxd4 Nf6 5. Nc3 Bb4 6. Nxc6 bxc6 7. Bd2 O-O 8.
f3 d5 9. e5 Qe7 10. Bf4 Nh5 11. Qd4 c5 12. Qxd5 Nxf4 13. Qxa8 Bf5 14. Qxa7 Qxe5+
15. Be2 Qxe2# 0-1

[Event "AUTO-OPEN-3953"]
[Site "http://www.queenalice.com/game.php?id=1543439"]
[Date "2018.9.23"]
[Round "2"]
[White "Norfair"]
[Black "Lopesq"]
[Result "1-0"]
[WhiteElo "2459"]
[BlackElo "2276"]

1. Nf3 Nc6 2. d4 d5 3. c4 Bf5 4. cxd5 Qxd5 5. Nc3 Qd8 6. d5 Nb8 7. e4 Bc8 8. Bc4
Nf6 9. e5 Nfd7 10. e6 fxe6 11. dxe6 Nb6 12. Qe2 Nxc4 13. Qxc4 Bxe6 14. Qxe6 Qd7
15. Qe2 Nc6 16. O-O e6 17. Rd1 Bd6 18. Ne4 O-O 19. Nc5 Qc8 20. Nxe6 Re8 21. Nfg5
Nd8 22. Qc2 Nxe6 23. Qxh7+ Kf8 24. Rd3 Be5 25. Rf3+ Ke7 26. Rf7+ Kd8 27. Be3 c5
28. Qe4 Bd6 29. Rxb7 Re7 30. Rxe7 Kxe7 31. Nxe6 Qxe6 32. Qxa8 Kf6 33. Rd1 a5 34.
Qd8+ Be7 35. Qe8 Qf7 36. Bg5+ Kxg5 37. Qxf7 1-0

[Event "AUTO-OPEN-3953"]
[Site "http://www.queenalice.com/game.php?id=1543440"]
[Date "2018.9.23"]
[Round "2"]
[White "Lopesq"]
[Black "Norfair"]
[Result "1-0"]
[WhiteElo "2560"]
[BlackElo "2538"]

1. d4 Nf6 2. Nf3 e6 3. c3 c5 4. Bg5 h6 5. Bh4 Qb6 6. Qc2 d5 7. e3 Nc6 8. Be2 Bd7
9. Bxf6 gxf6 10. O-O Rc8 11. dxc5 Bxc5 12. Nbd2 Rg8 13. e4 Ne7 14. g3 Qc7 15.
Nb3 Bb6 16. exd5 Nxd5 17. Kh1 Bc6 18. Rad1 Nf4 19. Nd4 Nxe2 20. Qxe2 h5 21. Nxc6
Qxc6 22. Rd3 Ke7 23. Kg1 Rgd8 24. Rfd1 Rxd3 25. Rxd3 Rd8 26. Rxd8 Bxd8 27. c4 a5
28. Nd4 Qc5 29. Nb5 Bb6 30. Qd2 h4 31. gxh4 1-0

[Event "AUTO-OPEN-3953"]
[Site "http://www.queenalice.com/game.php?id=1543441"]
[Date "2018.9.23"]
[Round "2"]
[White "Norfair"]
[Black "pizzaiolo72"]
[Result "1-0"]
[WhiteElo "2559"]
[BlackElo "2052"]

1. Nf3 Nf6 2. d4 d5 3. c4 dxc4 4. e3 e6 5. Bxc4 Bd6 6. Nc3 O-O 7. e4 Bb4 8. e5
Ne4 9. Qc2 Nxc3 10. bxc3 Be7 11. Bd3 h6 12. Qe2 Qd5 13. c4 Qc6 14. Bc2 Bb4+ 15.
Kf1 Nd7 16. h4 f5 17. exf6 Nxf6 18. Qd3 b6 19. Ne5 Qe8 20. Bg5 Bd6 21. Bxf6 Rxf6
22. Qh7+ Kf8 23. Qh8+ Ke7 24. Qxg7+ Rf7 25. Qxh6 Bxe5 26. dxe5 Qc6 27. Qg5+ Ke8
28. Bg6 Qxc4+ 29. Kg1 Qd4 30. Bxf7+ Kxf7 31. Rc1 c5 32. Rh3 Bb7 33. Qf6+ Ke8 34.
Rg3 Qd5 35. Rg7 1-0

[Event "AUTO-OPEN-3953"]
[Site "http://www.queenalice.com/game.php?id=1543442"]
[Date "2018.9.23"]
[Round "2"]
[White "pizzaiolo72"]
[Black "Norfair"]
[Result "0-1"]
[WhiteElo "2065"]
[BlackElo "2562"]

1. d4 Nf6 2. c4 e6 3. Nc3 Bb4 4. Qc2 d5 5. Bg5 dxc4 6. e3 c5 7. O-O-O Nbd7 8.
Bxc4 cxd4 9. Rxd4 Qa5 10. Nge2 Qxg5 11. g3 O-O 12. h4 Qa5 13. Qa4 Qxa4 14. Nxa4
Be7 15. Nac3 Ne5 16. Bb3 b5 17. Nxb5 Bc5 18. Ra4 Bd7 19. Ra5 Bb6 0-1

[Event "AUTO-ELITE-2007"]
[Site "http://www.queenalice.com/game.php?id=1552647"]
[Date "2018.12.11"]
[Round "2"]
[White "Lopesq"]
[Black "Norfair"]
[Result "1-0"]
[WhiteElo "2552"]
[BlackElo "2546"]

1. d4 Nf6 2. Nf3 e6 3. Bf4 d5 4. c3 c5 5. e3 Nc6 6. Nbd2 Bd6 7. Bb5 Bxf4 8. exf4
Qb6 9. Bxc6+ bxc6 10. O-O O-O 11. Qc2 Rb8 12. b3 Ba6 13. Rfe1 c4 14. Ne5 c5 15.
Ndf3 cxd4 16. Nxd4 cxb3 17. axb3 Bb7 18. Ra4 Rfc8 19. f3 1-0

[Event "AUTO-ELITE-2007"]
[Site "http://www.queenalice.com/game.php?id=1552648"]
[Date "2018.12.11"]
[Round "2"]
[White "Norfair"]
[Black "Lopesq"]
[Result "0-1"]
[WhiteElo "2473"]
[BlackElo "2575"]

1. e4 c5 2. Nf3 Nc6 3. Nc3 e6 4. d4 cxd4 5. Nxd4 Nf6 6. Be2 Nxd4 7. Qxd4 Qc7 8.
f4 Bc5 9. Qd3 d5 10. exd5 O-O 11. Be3 Bxe3 12. Qxe3 Nxd5 13. Nxd5 exd5 14. Bd3
Bf5 15. O-O-O Rfe8 16. Qf2 Be4 17. Rhe1 f5 18. g3 Qa5 19. Kb1 Rac8 20. c3 Re7
21. a3 b6 22. Ka2 Qa4 23. Qd2 Qc6 24. Bxe4 Rxe4 0-1

[Event "AUTO-OPEN-3966"]
[Site "http://www.queenalice.com/game.php?id=1556447"]
[Date "2019.1.13"]
[Round "2"]
[White "Norfair"]
[Black "sia"]
[Result "1-0"]
[WhiteElo "2561"]
[BlackElo "1856"]

1. e4 e5 2. Nf3 d6 3. d4 f6 4. Bc4 c6 5. O-O Bg4 6. h3 Bh5 7. c3 exd4 8. cxd4
Ne7 9. Nc3 b5 10. Bb3 Qb6 11. e5 Bxf3 12. Qxf3 Qxd4 13. exd6 Qxd6 14. Bf4 Qb4
15. Rfe1 a5 16. Bxb8 Rxb8 17. Qxc6+ Kd8 18. Rad1+ Nd5 19. Re8# 1-0

[Event "AUTO-OPEN-3966"]
[Site "http://www.queenalice.com/game.php?id=1556448"]
[Date "2019.1.13"]
[Round "2"]
[White "sia"]
[Black "Norfair"]
[Result "0-1"]
[WhiteElo "1883"]
[BlackElo "2471"]

1. e4 c5 2. d3 Nc6 3. Nf3 g6 4. Be2 Bg7 5. Nc3 d6 6. O-O Nf6 7. Bg5 O-O 8. a3 b6
9. Rb1 h6 10. Bh4 g5 11. Bg3 Nh5 12. Nd5 e6 13. Ne3 f5 14. exf5 exf5 15. Bxd6
Qxd6 16. Nxg5 hxg5 17. Bxh5 g4 18. h3 gxh3 19. gxh3 f4 20. Nc4 Qh6 21. Qf3 Nd4
22. Qxa8 Qxh5 23. Qg2 Bxh3 24. Qe4 Ne2+ 25. Qxe2 Qg5+ 26. Qg4 Qxg4+ 27. Kh2 Qg2#
0-1

[Event "Kasker 4"]
[Site "http://www.queenalice.com/game.php?id=1561401"]
[Date "2019.2.18"]
[Round "1"]
[White "Haso"]
[Black "Norfair"]
[Result "1-0"]
[WhiteElo "2399"]
[BlackElo "2530"]

1. e4 c5 2. Nf3 e6 3. d4 cxd4 4. Nxd4 a6 5. Bd3 Bc5 6. Nb3 Be7 7. O-O d6 8. c4
Nf6 9. Nc3 b6 10. f4 Nc6 11. Be3 Bb7 12. Qf3 Nb4 13. Bb1 1-0

[Event "AUTO-OPEN-3971"]
[Site "http://www.queenalice.com/game.php?id=1567183"]
[Date "2019.4.10"]
[Round "2"]
[White "JimMorrisson"]
[Black "Norfair"]
[Result "1-0"]
[WhiteElo "2442"]
[BlackElo "2480"]

1. e4 c5 2. Nf3 d6 3. d4 cxd4 4. Nxd4 Nf6 5. Nc3 a6 6. Bg5 Nbd7 7. f4 Qc7 8. Bd3
g6 9. Qf3 Bg7 10. O-O-O O-O 11. g4 1-0

[Event "AUTO-OPEN-3971"]
[Site "http://www.queenalice.com/game.php?id=1567184"]
[Date "2019.4.10"]
[Round "2"]
[White "Norfair"]
[Black "JimMorrisson"]
[Result "0-1"]
[WhiteElo "2489"]
[BlackElo "2433"]

1. Nf3 Nf6 2. c4 g6 3. Nc3 Bg7 4. e4 d6 5. d4 O-O 6. Be2 c5 7. O-O cxd4 8. Nxd4
Nc6 9. Be3 Bd7 10. f3 Nxd4 0-1

[Event "AUTO-OPEN-3967"]
[Site "http://www.queenalice.com/game.php?id=1567423"]
[Date "2019.4.12"]
[Round "2"]
[White "josebaron"]
[Black "Norfair"]
[Result "1-0"]
[WhiteElo "2030"]
[BlackElo "2519"]

1. e4 c5 2. Bc4 e6 3. Nc3 a6 4. a4 Nc6 5. Nf3 Nf6 6. d3 d5 7. exd5 exd5 8. Bb3
Be7 9. O-O O-O 10. Bg5 Be6 11. Re1 h6 12. Bh4 Rc8 13. h3 g5 14. Bg3 1-0

[Event "AUTO-OPEN-3967"]
[Site "http://www.queenalice.com/game.php?id=1567424"]
[Date "2019.4.12"]
[Round "2"]
[White "Norfair"]
[Black "josebaron"]
[Result "0-1"]
[WhiteElo "2504"]
[BlackElo "2060"]

1. Nf3 d6 2. d4 Nf6 3. c4 e6 4. Nc3 Be7 5. e4 O-O 6. Be2 Nc6 7. O-O h6 8. h3 a6
9. Be3 Re8 10. d5 exd5 11. cxd5 Ne5 12. Nd2 c5 13. f4 Ng6 14. a4 Bf8 0-1

[Event "AUTO-OPEN-3967"]
[Site "http://www.queenalice.com/game.php?id=1567429"]
[Date "2019.4.12"]
[Round "2"]
[White "Artking"]
[Black "Norfair"]
[Result "0-1"]
[WhiteElo "1857"]
[BlackElo "2472"]

1. Nf3 d5 2. d4 Nf6 3. c4 e6 4. Nc3 c6 5. e3 a6 6. Bd3 dxc4 7. Bxc4 b5 8. Bd3 c5
9. O-O Nbd7 10. Ne5 Bb7 11. f4 Be7 12. Qe1 cxd4 13. exd4 Nxe5 14. fxe5 Qxd4+ 0-1

[Event "AUTO-OPEN-3967"]
[Site "http://www.queenalice.com/game.php?id=1567430"]
[Date "2019.4.12"]
[Round "2"]
[White "Norfair"]
[Black "Artking"]
[Result "1-0"]
[WhiteElo "2463"]
[BlackElo "1955"]

1. Nf3 Nf6 2. c4 g6 3. Nc3 Bg7 4. e4 d6 5. d4 O-O 6. Be2 Nbd7 7. Be3 e5 8. O-O
c6 9. d5 c5 10. Re1 a6 11. a3 Qe8 12. h3 Nh5 13. Rb1 Nf4 14. Bf1 f5 15. exf5
gxf5 16. Bxf4 1-0

[Event "AUTO-OPEN-3966"]
[Site "http://www.queenalice.com/game.php?id=1574576"]
[Date "2019.6.16"]
[Round "3"]
[White "greggy"]
[Black "Norfair"]
[Result "1-0"]
[WhiteElo "2794"]
[BlackElo "2435"]

1. d4 Nf6 2. c4 e6 3. Nf3 b6 4. g3 Bb7 5. Bg2 Be7 6. O-O O-O 7. Nc3 Ne4 8. Bd2
d6 9. d5 Nxd2 10. Qxd2 e5 11. e4 Nd7 12. a3 1-0

[Event "AUTO-OPEN-3966"]
[Site "http://www.queenalice.com/game.php?id=1574577"]
[Date "2019.6.16"]
[Round "3"]
[White "Norfair"]
[Black "greggy"]
[Result "0-1"]
[WhiteElo "2436"]
[BlackElo "2793"]

1. e4 c5 2. Nf3 d6 3. Bb5+ Nd7 4. d4 cxd4 5. Qxd4 a6 6. Be2 e5 7. Qe3 Nc5 8. c4
g6 9. O-O Bh6 10. Qa3 Bxc1 11. Rxc1 Bg4 12. Nc3 Bxf3 0-1